00536nam a2200109Ia 4500008004100000050002400041100003300065245018700098260008600285300003300371521002200404140724s9999 xx 000 0 und d aLC 4717b.P231 2012 aPariñas, Renally Bianca D. aInfluence of birth order on the affection, aggression and rivalry of typically developing children toward their siblings with autism spectrum disorder /cRenally Bianca D. Pariñas. aLas Piñas, Philippines :bSouthville International School and Colleges,cc2012. a83 p. :bcol. ill. ;c28 cm. aSpecial Education